000
002870000a22000970004500
100
1
_a
Roxburgh, Kenneth B.E.
245
1
0
_a
Spirituality for the twenty-first century
300
_a
Vol. 17, Num. 2 (1999), Páginas 129-144
773
0
_t
Scottish Bulletin of Evangelical Theology
942
_c
ANA
999
_c
55756
_d
55756